Sports Quiz

Random Sports or Show Quiz

Missouri Athletes (Slideshow) Quiz Stats

Quiz not verified by Sporcle

Challenge
Share
Tweet
Score 0/14 Timer 06:00
0 Plays Today
% Correct
Ryan Howard
90.9%
Lawrence 'Yogi' Berra
82.8%
Stan Musial
81.8%
Max Scherzer
75.8%
Jeremy Maclin
71.7%
Earl Weaver
57.6%
David Cone
55.6%
% Correct
Carl Edwards
54.5%
Bill Bradley
49.5%
Casey Stengel
35.4%
James 'Cool Papa' Bell
27.3%
Rusty Wallace
24.2%
Zack Wheat
8.1%
Jake Beckley
1%

You're not logged in!

Compare scores with friends on all Sporcle quizzes.
Sign Up with Email
OR
Log In

You Might Also Like...

Show Comments

Extras

Top Quizzes Today


Score Distribution

Your Account Isn't Verified!

In order to create a playlist on Sporcle, you need to verify the email address you used during registration. Go to your Sporcle Settings to finish the process.